Il cardinale Mariano Rampolla del Tindaro /

Gorde:
Xehetasun bibliografikoak
Egile nagusia: Sinopoli di Giunta, G. Pietro
Formatua: Liburua
Hizkuntza:English
Argitaratua: Roma : Tipografia Poliglotta Vaticana, 1923.
Gaiak:
LEADER 00999cam a2200241 a 4500
001 c000392737
003 CARM
005 20130201143353.0
008 130201s1923 it c b 000 0beng d
019 1 |a 69840621  |5 LACONCORD2021 
035 |a (OCoLC)1267897598  |5 LACONCORD2021 
040 |a NUN:S  |b eng  |c NUN:S  |d NUN:W 
100 1 |a Sinopoli di Giunta, G. Pietro. 
245 1 3 |a Il cardinale Mariano Rampolla del Tindaro /  |c G. Pietro Sinopoli di Giunta. 
260 |a Roma :  |b Tipografia Poliglotta Vaticana,  |c 1923. 
300 |a 344 p. :  |b port. (front.) ;  |c 24 cm. 
504 |a Includes bibliographical references. 
600 1 0 |a Rampolla del Tindaro, Mariano,  |d 1843-1913  |v Biography. 
852 8 |b CARM  |p 0534111  |f BK 
852 8 |b SCAN  |h A3:AG27F0  |i C12845  |p 0534111  |f BK 
999 f f |i 639f8b99-c757-57d9-a17b-4d2aa744a508  |s b9b7e8b1-8f15-5d74-ab9f-1ce8c6755eed 
952 f f |p Can circulate  |a CAVAL  |b CAVAL  |c CAVAL  |d CARM 1 Store  |i book  |m 0534111 
952 f f |a CAVAL  |b CAVAL  |c CAVAL  |d Unmapped Location  |e C12845  |f A3:AG27F0  |h Other scheme